Statistics for Hay Day Crops

Click here to take the quiz!

General Stats

  • This quiz has been taken 133 times
  • The average score is 13 of 34

Answer Stats

LevelCrop% Correct
1Wheat
93%
2Corn
91%
9Carrot
85%
5Soybean
74%
15Pumpkin
73%
7Sugarcane
71%
30Tomato
70%
34Strawberry
65%
18Cotton
64%
35Potato
62%
13Indigo
61%
15Apple
56%
25Chili Pepper
45%
19Raspberry
43%
26Blackberry
42%
22Cherry
40%
56Rice
34%
71Orange
25%
58Lettuce
23%
36Cacao
22%
42Coffee Bean
22%
76Peach
22%
88Banana
18%
66Lemon
18%
63Sunflower
17%
57Olive
16%
68Onion
15%
94Plum
15%
92Watermelon
13%
84Grapes
12%
85Mint
6%
74Bell Pepper
4%
80Tea Leaf
4%
82Peony
3%

Score Distribution

Percentile by Number Answered

Percent of People with Each Score

Your Score History

You have not taken this quiz